000 02121 a2200205 4500
001 41342
005 20260407155707.0
008 260407a2017 arg spa d
003 AR-UNSa-BCEJYS
040 _aAR-UNSa-BCEJYS
_bspa
_cAR-UNSa-BCEJYS
080 _a336.22
_xImpuestos
245 1 0 _aBlanqueo y moratoria
_psuplemento doctrina
264 1 _aBuenos Aires :
_bErrepar
_c2017
300 _a181 p.
_c21 cm.
505 _aI. Acerca del sinceramiento fiscal: 1. El nuevo régimen de sinceramiento fiscal de la ley 27260 / Hugo E. Kaplan, Mario Volman y Fabián P. Graña - 2. Algunas cuestiones en torno a la nueva ley de sinceramiento fiscal / Gustavo F. Wendy - II. Otros aspectos sobre el sinceramiento fiscal: 1. Los alcances del secreto fiscal en torno a la nueva ley de sinceramiento fiscal / Agustina O'Donnel - 2. El sinceramiento fiscal en empresas multinacionales / Jorge Gebhardt y Rubén H. Malvitano - III. Aspectos prácticos del sinceramiento fiscal: 1. Transferencia de bienes registrados a nombre de terceros / Enrique M. Skiarski y Oscar D. Cesaretti - 2. Un llamado de atención sobre algunos requisitos imprescindibles para mantener los beneficios de la ley 27260 / Mario J. Rapisarda - IV. Consecuencias contables y societarias del sinceramientoi fiscal: 1. El sinceramiento fiscal. Posibles efectos en la contabilidad y la auditoría de estados financieros / Ana María Cóccaro - 2. Sinceramiento fiscal y de estados financieros. Posibles consecuencias contables y societarias de la disminución del activo de una sociedad / Gustavo Símaro y Valeria Torchelli - V. Aspectos penales de la ley 27260: 1. Algunas consideraciones respecto a los aspectos penales / Esteban D. Semachowicz y Alejandro Pampliega - VI. Acerca de la moratoria y la regularización de obligaciones: 1. Régimen excepcional de regularización de obligaciones tributarias, de la seguridad social y aduaneras -moratoria- / Raúl A. De Soto
041 _aspa
942 _cBK
590 _aniveau_biblio:m niveau_hierar:0
856 4 1 _uhttps://biblioeco.unsa.edu.ar/pmb/images/libros/E00041.jpg
_yImagen de portada
_qimage/jpeg
999 _c3476
_d3476